Sports Quiz

Random Sports or Soccer Quiz

International Football XIs: England Quiz Stats

 Plays Quiz Updated Jul 13, 2018

Challenge
Share
Tweet
Embed
Score 0/253 Timer 20:00
0 Plays Today
% Correct
Wayne Rooney
96.6%
Wayne Rooney
96.6%
Wayne Rooney
96.6%
Wayne Rooney
96.6%
Wayne Rooney
96.6%
Wayne Rooney
96.6%
Wayne Rooney
96.6%
Wayne Rooney
96.6%
Wayne Rooney
96.6%
Joe Hart
96.4%
Joe Hart
96.4%
Wayne Rooney
96.4%
Joe Hart
96.4%
Joe Hart
96.3%
Joe Hart
96.3%
Joe Hart
96.3%
Joe Hart
96.3%
Joe Hart
96.1%
Wayne Rooney
96%
Steven Gerrard
95.3%
Steven Gerrard
95.3%
Steven Gerrard
95.3%
Steven Gerrard
95.3%
Steven Gerrard
95.3%
Steven Gerrard
95.3%
Steven Gerrard
95.3%
Steven Gerrard
95.3%
Steven Gerrard
95.3%
Steven Gerrard
95.3%
Steven Gerrard
95.3%
Steven Gerrard
95.3%
Frank Lampard
95%
Frank Lampard
95%
Frank Lampard
95%
Frank Lampard
95%
Frank Lampard
95%
Frank Lampard
95%
Frank Lampard
95%
Frank Lampard
95%
Frank Lampard
95%
Frank Lampard
94.9%
Harry Kane
94.2%
Ashley Cole
93.8%
Ashley Cole
93.8%
Ashley Cole
93.8%
Ashley Cole
93.8%
Ashley Cole
93.8%
Ashley Cole
93.8%
Ashley Cole
93.8%
Ashley Cole
93.8%
Ashley Cole
93.8%
Ashley Cole
93.8%
Ashley Cole
93.5%
Joe Cole
93.5%
Joe Cole
93.5%
Joe Cole
93.5%
John Terry
93.5%
John Terry
93.5%
John Terry
93.5%
John Terry
93.5%
John Terry
93.5%
John Terry
93.5%
John Terry
93.5%
John Terry
93.5%
John Terry
93.5%
John Terry
93.5%
David Beckham
92.6%
David Beckham
92.6%
David Beckham
92.6%
David Beckham
92.6%
David Beckham
92.6%
David Beckham
92.6%
David Beckham
92.6%
David Beckham
92.6%
David Beckham
92.6%
David Seaman
91.7%
David Seaman
91.7%
David Seaman
91.7%
David Seaman
91.7%
David Seaman
91.7%
David Seaman
91.7%
David Seaman
91.7%
David Seaman
91.7%
Rio Ferdinand
90.7%
Rio Ferdinand
90.7%
% Correct
Rio Ferdinand
90.7%
Rio Ferdinand
90.7%
Rio Ferdinand
90.7%
Rio Ferdinand
90.7%
Michael Owen
88.7%
Michael Owen
88.7%
Michael Owen
88.7%
Michael Owen
88.7%
Michael Owen
88.7%
Michael Owen
88.7%
Michael Owen
88.7%
Michael Owen
88.7%
Gary Neville
88.4%
Gary Neville
88.4%
Gary Neville
88.4%
Gary Neville
88.4%
Gary Neville
88.4%
Gary Neville
88.4%
Gary Neville
88.4%
Gary Neville
88.4%
Gary Neville
88.4%
Phil Neville
88.2%
Phil Neville
88.2%
Phil Neville
88.2%
Harry Kane
88%
Paul Scholes
87.4%
Paul Scholes
87.4%
Paul Scholes
87.4%
Paul Scholes
87.4%
Paul Scholes
87.4%
Paul Scholes
87.4%
Paul Scholes
87.4%
Alan Shearer
85.8%
Alan Shearer
85.8%
Alan Shearer
85.8%
Alan Shearer
85.8%
Alan Shearer
85.8%
Gary Cahill
85.5%
Gary Cahill
85%
Kyle Walker
84.8%
Gary Cahill
84.8%
Gary Cahill
84.6%
Gary Cahill
84.6%
Kyle Walker
83.7%
David James
83.6%
David James
83.6%
David James
83.6%
Gary Cahill
82.6%
Dele Alli
82.4%
Raheem Sterling
79.7%
Dele Alli
78.8%
Jordan Henderson
78.6%
John Stones
78.5%
Glen Johnson
77%
Glen Johnson
77%
Glen Johnson
77%
Glen Johnson
77%
Emile Heskey
76.7%
Emile Heskey
76.7%
Emile Heskey
76.7%
Emile Heskey
76.7%
Raheem Sterling
76.7%
Eric Dier
76.2%
Raheem Sterling
76%
Paul Robinson
75.8%
Paul Robinson
75.8%
Paul Robinson
75.8%
Sol Campbell
75.4%
Sol Campbell
75.4%
Sol Campbell
75.4%
Sol Campbell
75.4%
Sol Campbell
75.4%
Sol Campbell
75.4%
Sol Campbell
75.4%
Sol Campbell
75.4%
Tony Adams
74.6%
Tony Adams
74.6%
Tony Adams
74.6%
Tony Adams
74.6%
Danny Rose
74.5%
Chris Smalling
74.4%
Jordan Henderson
74.3%
Daniel Sturridge
74.2%
Glen Johnson
74.1%
John Stones
74%
% Correct
Teddy Sheringham
73.9%
Teddy Sheringham
73.9%
Teddy Sheringham
73.9%
Peter Crouch
73.9%
Chris Smalling
73.3%
Theo Walcott
73.3%
Theo Walcott
73.3%
Theo Walcott
73.3%
Theo Walcott
72.9%
Eric Dier
72.8%
Phil Jones
72.6%
Leighton Baines
72.1%
Leighton Baines
72%
Robert Green
71.8%
Jermain Defoe
71.3%
Jermain Defoe
71.3%
Leighton Baines
71.2%
Danny Welbeck
70.7%
Danny Welbeck
70.3%
Marcus Rashford
69.4%
Danny Welbeck
68.6%
Phil Jagielka
68.5%
James Milner
68.1%
James Milner
68.1%
James Milner
68.1%
Adam Lallana
67.4%
Phil Jagielka
67.2%
Adam Lallana
64.3%
Nicky Butt
63.8%
Ian Wright
63%
Paul Gascoigne
61.4%
Paul Gascoigne
61.4%
Jack Wilshere
61.3%
Jack Wilshere
61.2%
Gareth Barry
60.4%
Gareth Barry
60.4%
Gareth Barry
60.4%
Gareth Barry
60.4%
Ashley Young
60%
Ashley Young
60%
Paul Ince
59.9%
Paul Ince
59.9%
Paul Ince
59.9%
Luke Young
59.8%
Nathaniel Clyne
58.4%
Martin Keown
57.9%
Martin Keown
57.9%
Steve McManaman
53.3%
Steve McManaman
53.3%
Gareth Southgate
52%
Gareth Southgate
52%
Gareth Southgate
52%
Gareth Southgate
52%
Alex Oxlade-Chamberlain
50%
Ryan Bertrand
48.4%
Stuart Pearce
48%
Stuart Pearce
48%
Scott Parker
47.9%
Darren Anderton
46.6%
Darren Anderton
46.6%
Darren Anderton
46.6%
Joleon Lescott
46.5%
Ross Barkley
46.2%
Shaun Wright-Phillips
44.8%
Aaron Lennon
44.3%
Darren Bent
44.2%
Graeme Le Saux
44.1%
Graeme Le Saux
44.1%
Graeme Le Saux
44.1%
David Batty
43%
Gary Pallister
40.7%
Danny Mills
40.3%
Wes Brown
40.3%
Micah Richards
39%
Matthew Upson
38.5%
Jamie Redknapp
37.1%
David Platt
36.9%
Tom Cleverley
33.2%
Fabian Delph
32.4%
Jake Livermore
30.2%
Dennis Wise
29%
Nicky Barmby
28.9%
Peter Beardsley
24.3%

You're not logged in!

Compare scores with friends on all Sporcle quizzes.
OR
Log In

You Might Also Like...

Show Comments

Extras

Top Quizzes Today


Score Distribution

Your Account Isn't Verified!

In order to create a playlist on Sporcle, you need to verify the email address you used during registration. Go to your Sporcle Settings to finish the process.

Report this User

Report this user for behavior that violates our Community Guidelines.

Details: